Đọc ghi nhạc Giáo trình CĐSP Tập 2

Đã lưu trong:
书目详细资料
主要作者: Phạm Thanh Vân
其他作者: Nguyễn Hoàng Thông
格式: 图书
出版: H. ĐHSP 2005
主题:
标签: 添加标签
没有标签, 成为第一个标记此记录!
Thư viện lưu trữ: Trung tâm Học liệu Lê Vũ Hùng, Trường Đại học Đồng Tháp
LEADER 02015pam a22002538a 4500
001 00022686
005 20171026081025.0
008 110601s2005 ||||||Viesd
041 0 # |a Vie 
082 1 4 |a 781.4  |b Đ419GH 
100 0 # |a Phạm Thanh Vân 
245 0 0 |a Đọc ghi nhạc  |b Giáo trình CĐSP  |c Phạm Thanh Vân, Nguyễn Hoàng Thông  |n Tập 2 
260 # # |a H.  |b ĐHSP  |c 2005 
300 # # |a 199 tr.  |c 24 cm. 
500 # # |a Bộ GD và đào tạo 
653 # # |a Âm nhạc 
653 # # |a Đọc ghi nhạc 
700 0 # |a Nguyễn Hoàng Thông 
852 # # |b Kho mượn  |j KGT.0014815 
852 # # |b Kho đọc  |j KD.0007460 
852 # # |j KGT.0014815, KGT.0014816, KGT.0014817, KGT.0014818, KGT.0014819, KGT.0014820, KGT.0014821, KGT.0014822, KGT.0014823, KGT.0014824, KGT.0014825, KGT.0014826, KGT.0014827, KGT.0014828, KGT.0014829, KGT.0014830, KGT.0014831, KGT.0014832, KGT.0014833, KGT.0014834, KGT.0014835, KGT.0014836, KGT.0014837, KGT.0014838, KGT.0014839, KGT.0014840, KGT.0014841, KGT.0014842, KGT.0014843, KGT.0014844, KGT.0014845, KGT.0014846, KGT.0014847, KGT.0014848, KGT.0014849, KGT.0014850, KGT.0014851, KGT.0014852, KGT.0014853, KGT.0014854, KGT.0014855, KGT.0032659, KGT.0032660, KGT.0032734, KGT.0032824  |b Kho giáo trình 
852 # # |j KGT.0014816  |j KGT.0014817  |j KGT.0014819  |j KGT.0014820  |j KGT.0014822  |j KGT.0014823  |j KGT.0014826  |j KGT.0014827  |j KGT.0014828  |j KGT.0014830  |j KGT.0014831  |j KGT.0014833  |j KGT.0014834  |j KGT.0014836  |j KGT.0014837  |j KGT.0014839  |j KGT.0014840  |j KGT.0014842  |j KGT.0014843  |j KGT.0014845  |j KGT.0014846  |j KGT.0014848  |j KGT.0014850  |j KGT.0014851  |j KGT.0014853  |j KGT.0014854  |j KGT.0032734  |j KGT.0032659  |j KGT.0032660  |j KGT.0032824  |j KGT.0048985  |j KGT.0048964  |j KD.0007460  |j KGT.0014815  |j KGT.0014818  |j KGT.0014821  |j KGT.0014824  |j KGT.0014825  |j KGT.0014829  |j KGT.0014832  |j KGT.0014835  |j KGT.0014838  |j KGT.0014841  |j KGT.0014844  |j KGT.0014847  |j KGT.0014849  |j KGT.0014852  |j KGT.0014855 
910 |d 01/06/2011 
980 # # |a Trung tâm Học liệu Lê Vũ Hùng, Trường Đại học Đồng Tháp